| 000 | 00532nam a2200193 a 4500 | ||
|---|---|---|---|
| 005 | 20140310183318.0 | ||
| 008 | 051124s19uu xx 00 eng d | ||
| 020 | _a9715843972 | ||
| 050 |
_aQD 41 _b.N964 2005 |
||
| 100 | _aNucum, Zenaida T. | ||
| 245 |
_aBiochemistry for nursing students / _cZenaida T. Nucum. |
||
| 260 |
_aQuezon City, Philippines : _bC&E Publishing Inc, _c2005. |
||
| 300 |
_a204 p. : _c26 cm. |
||
| 521 | _aNUR | ||
| 650 | _aBiochemistry. | ||
| 942 |
_cBK _2lcc _kLOC |
||
| 999 |
_c21313 _d21313 |
||